000 00463nam a2200181Ia 4500
005 20250508152319.0
008 008 250505s9999 xx 000 0 hin d
037 _aTextual
040 _aFEDL
_beng
_cFEDL
041 _ahin
_2eng
084 _a891.431, GOY
_qFEDL
100 _aGoyaliye Ayodhya Prasad
_9761192
245 0 _aSher o shayari
260 _c1950
300 _a639p.
942 _cTEXL
_h891.431, GOY
999 _c1335679
_d1335679